000 00739nam a2200241Ia 4500
003 OSt
005 20220930070005.0
006 a|||||r|||| 00| 0
007 ta
008 220926b |||||||| |||| 00| 0 eng d
024 _a6366
037 _cTheses
040 _aCRL
_cCRL
_beng
041 _2eng
_aeng
100 _aRavinder Singh
_9521834
110 _aUniversity of Delhi. Faculty of Science. Department of Anthropology
_9144926
245 0 _aStudy of age changes in different body dimensions among male yadavs of Delhi
260 _c1995
650 _aANTHROPOLOGY
700 _aUniversity of Delhi. Faculty of Science. Department of Anthropology
_9144928
942 _cDIS
_2CC
999 _c860288
_d860288